| 000 | 01696nam0a2200325 4500 | ||
|---|---|---|---|
| 001 | RU\NLR\BIBL_A\011363871 | ||
| 005 | 20260405173956.0 | ||
| 010 |
_a9785774912223 _9650 |
||
| 021 |
_aRU _b2017-16899 _91249 |
||
| 035 | _a(NLR Aleph) 011363871 | ||
| 090 |
_a11313386 _c11313386 |
||
| 100 | _a20170410d2017 k y0rusy50 ca | ||
| 101 | 0 | _arus | |
| 102 | _aRU | ||
| 105 | _aa|||z|||000yy | ||
| 200 | 1 |
_aОценка возможности достижения технологического лидерства России в зеркале патентного анализа _fН.Г. Куракова, В.Г. Зинов _gРоссийская академия народного хозяйства и государственной службы при Президенте Российской Федерации, РАНХиГС |
|
| 210 |
_aМосква _cДело _d2017 |
||
| 215 |
_a73, [2] с. _cил. _d20 |
||
| 225 | 1 |
_aНаучные доклады _iТехнологическое прогнозирование _v17/4 |
|
| 300 | _aВ конце кн. авт.: Куракова Н.Г., д.б.н., Зинов В.Г., д.э.н., | ||
| 320 | _aБиблиогр.: с. 71-74 (38 назв.) | ||
| 606 | 1 |
_aИзобретения _xПатентование _yРоссийская Федерация _92286584 _3RU\NLR\AUTH\661369651 |
|
| 686 |
_aЖ.у(2),0 _2rubbk |
||
| 686 | 1 | _aХ623.410.214 | |
| 700 | 1 |
_aКуракова _bН. Г. _gНаталия Глебовна |
|
| 701 | 1 |
_7ca _8rus _aЗинов _bВ. Г. _gВладимир Глебович _958218 _3RU\NLR\AUTH\7775290 |
|
| 942 | _cBOOK | ||
| 980 | _aNBR | ||